Public opinion and propaganda.
Guardado en:
| Autor principal: | |
|---|---|
| Formato: | Libro |
| Lenguaje: | Undetermined |
| Publicado: |
New York
H. Holt
1948
|
| Materias: | |
| Etiquetas: |
Agregar Etiqueta
Sin Etiquetas, Sea el primero en etiquetar este registro!
|
| Thư viện lưu trữ: | Trung tâm Học liệu Trường Đại học Cần Thơ |
|---|
| LEADER | 00485nam a2200181Ia 4500 | ||
|---|---|---|---|
| 001 | CTU_89879 | ||
| 008 | 210402s9999 xx 000 0 und d | ||
| 082 | |a 301.154 | ||
| 082 | |b D691 | ||
| 100 | |a Doob, Leonard William | ||
| 245 | 0 | |a Public opinion and propaganda. | |
| 245 | 0 | |c Leonard William Doob | |
| 260 | |a New York | ||
| 260 | |b H. Holt | ||
| 260 | |c 1948 | ||
| 650 | |a Public opinion,Propaganda | ||
| 904 | |i Năm | ||
| 980 | |a Trung tâm Học liệu Trường Đại học Cần Thơ | ||